Compter jusqu'à 100 en 45 secondes - Statistiques

Statistiques générales
  • Ce quiz a été pris 1 674 fois
  • Le résultat moyen est 61 sur 100
Statistiques - réponses
Réponse % Correct
1
100%
2
98%
3
97%
4
96%
5
95%
6
95%
7
95%
8
95%
9
94%
11
91%
12
91%
10
90%
13
89%
14
89%
15
89%
16
88%
17
88%
18
88%
21
88%
19
87%
22
86%
23
86%
25
86%
20
85%
24
85%
26
84%
27
84%
28
84%
29
83%
31
82%
30
81%
32
81%
34
80%
35
79%
36
78%
37
78%
33
77%
38
77%
41
77%
39
76%
40
76%
43
75%
42
74%
45
74%
44
73%
46
73%
47
71%
49
70%
48
69%
50
68%
51
68%
52
67%
53
67%
54
64%
55
63%
56
62%
57
61%
58
60%
59
58%
60
57%
61
56%
62
55%
63
54%
65
53%
64
52%
67
51%
66
50%
68
49%
69
48%
70
46%
71
45%
72
45%
73
44%
74
43%
75
40%
76
38%
77
37%
78
37%
79
33%
80
30%
81
29%
82
27%
83
27%
84
26%
85
26%
86
23%
87
23%
88
23%
89
21%
90
18%
91
18%
92
17%
93
17%
94
16%
95
16%
96
14%
97
14%
98
14%
99
14%
100
12%
Aucun quiz correspondant
Distribution des résultats
% des personnes avec chaque résultat
Percentile par nombre de réponses
Votre historique - résultats
Vous n’avez pas pris ce quiz